=LDR 00000nam 2200000 4500 =001 INLIS000000000027956 =005 20130612130308 =008 ***********************************Ind** =035 ##$$0010-061300000027956 =041 ##$$a Ind =082 ##$$a F Rom K =090 ##$$a F Rom K, Sri s =100 ##$$a Sri Lestari =245 ##$$a Shabat baru, Kak Tary, Sri Lestari =260 ##$$a 2007 $b Jogyakarta =300 ##$$a 101 hlm, ilus, 18 cm =650 ##$$a Fiksi Roman Anak =850 ##$$a NBPNMAT